[Event "Nova Gorica op 25th"]
[Site "Nova Gorica"]
[Date "2020.01.29"]
[Round "8"]
[White "Mikuz, Slavko"]
[Black "Plata Fernandez, Diego"]
[Result "0-1"]
[WhiteElo "1715"]
[BlackElo "1647"]
[PlyCount "120"]
[EventDate "2020.01.24"]
[EventType "swiss"]
[EventRounds "9"]
[EventCountry "SLO"]
[SourceTitle "CBM 194"]
[Source "ChessBase"]
[SourceDate "2020.01.27"]
[SourceVersion "1"]
[SourceVersionDate "2020.01.27"]
[SourceQuality "1"]

1. e4 c5 2. Nf3 Nc6 3. d4 cxd4 4. Nxd4 g6 5. Nc3 Bg7 6. Be3 Nf6 7. Be2 0-0 8. Qd2 d5 9. exd5 Nxd5 10. Nxd5 Nxd4 11. Bxd4 Qxd5 12. Bxg7 Qxd2+ 13. Kxd2 Rd8+ 14. Ke3 Kxg7 15. Bf3 Be6 16. Rhd1 Rac8 17. Rxd8 Rxd8 18. b3 Rd7 19. c4 b6 20. Rd1 Rc7 21. Rd8 Kf6 22. g3 Ke5 23. Bd5 Rd7 24. Rxd7 Bxd7 25. Bxf7 e6 26. Bg8 h6 27. h4 Kf6 28. Kd4 Kg7 29. Bxe6 Bxe6 30. b4 Kf6 31. c5 Bxa2 32. c6 a5 33. bxa5 bxa5 34. g4 a4 35. f4 a3 36. Kc3 Be6 37. g5+ hxg5 38. fxg5+ Kf5 39. c7 a2 40. Kb2 a1Q+ 41. Kxa1 Kg4 42. Kb2 Kxh4 43. Kc3 Kxg5 44. Kd2 Kf6 45. Ke3 g5 46. Kf3 g4+ 47. Kf4 Ke7 48. Kg3 Kd6 49. Kf4 Kxc7 50. Kg3 Kd6 51. Kf4 Kd5 52. Kg3 Ke4 53. Kg2 Ke3 54. Kg3 Bf5 55. Kg2 Kf4 56. Kf2 g3+ 57. Kg2 Be4+ 58. Kg1 Kf3 59. Kf1 g2+ 60. Kg1 Ke2 0-1

[Event "Nova Gorica op 25th"]
[Site "Nova Gorica"]
[Date "2020.01.26"]
[Round "5"]
[White "Mikuz, Slavko"]
[Black "Pirs, Matjaz1111"]
[Result "0-1"]
[WhiteElo "1715"]
[BlackElo "1956"]
[PlyCount "78"]
[EventDate "2020.01.24"]
[EventType "swiss"]
[EventRounds "9"]
[EventCountry "SLO"]
[SourceTitle "CBM 194"]
[Source "ChessBase"]
[SourceDate "2020.01.27"]
[SourceVersion "1"]
[SourceVersionDate "2020.01.27"]
[SourceQuality "1"]

1. e4 e5 2. Nf3 Nc6 3. Bc4 Nf6 4. d4 exd4 5. Nxd4 d6 6. Nxc6 bxc6 7. Bd3 Be7 8. 0-0 Nd7 9. Bd2 Bf6 10. Bc3 Rb8 11. Qc1 0-0 12. Bxf6 Qxf6 13. Nc3 Nc5 14. Rb1 Re8 15. Kh1 a5 16. Qd2 Qd4 17. Ne2 Nxe4 18. Qf4 Qe5 19. Qxe5 Rxe5 20. Bxe4 Rxe4 21. Ng3 Re8 22. b3 g6 23. f3 f5 24. Rfe1 Ba6 25. Kg1 Kf7 26. Kf2 Kf6 27. c4 Rxe1 28. Rxe1 a4 29. Ne2 axb3 30. axb3 Rxb3 31. Nd4 Rb2+ 32. Kg3 Bxc4 33. Nxc6 g5 34. h4 h6 35. hxg5+ hxg5 36. Rh1 f4+ 37. Kh3 Be6+ 38. Kh2 Bd5 39. Nd4 c5 0-1

[Event "Nova Gorica op 22nd"]
[Site "Nova Gorica"]
[Date "2017.02.02"]
[Round "9"]
[White "Mikuz, Slavko"]
[Black "Muzzolini, Claudio"]
[Result "1-0"]
[WhiteElo "1726"]
[BlackElo "1709"]
[PlyCount "111"]
[EventDate "2017.01.27"]
[EventType "swiss"]
[EventRounds "9"]
[EventCountry "SLO"]
[SourceTitle "CBM 176 Extra"]
[Source "ChessBase"]
[SourceDate "2017.03.02"]
[SourceVersion "1"]
[SourceVersionDate "2017.03.02"]
[SourceQuality "1"]

1. e4 e5 2. Nf3 Nf6 3. Bc4 d6 4. d3 h6 5. h3 c6 6. a4 Nbd7 7. 0-0 Be7 8. Nc3 Nf8 9. Nh2 Be6 10. Bxe6 Nxe6 11. Be3 Qd7 12. d4 exd4 13. Bxd4 Nxd4 14. Qxd4 0-0 15. Rad1 Qe6 16. f4 c5 17. Qd3 a6 18. Rfe1 Rad8 19. Nf3 Rfe8 20. Nd5 Nxd5 21. Qxd5 b5 22. axb5 axb5 23. b3 Qf6 24. f5 Qc3 25. Qd3 Qa5 26. Ra1 Qb6 27. c4 b4 28. Ra4 Bf6 29. Re2 Qc6 30. Kf2 Rd7 31. Qd5 Qc7 32. Rea2 Qb7 33. Qxb7 Rxb7 34. Ra8 Rxa8 35. Rxa8+ Kh7 36. Ke2 g6 37. g4 Kg7 38. Kd3 Rd7 39. Ra6 g5 40. Ne1 Be5 41. Nc2 h5 42. Ne3 hxg4 43. Nxg4 Bd4 44. Ke2 f6 45. Kf3 Kf7 46. Ra8 Be5 47. Ne3 Kg7 48. Kg4 Rb7 49. h4 gxh4 50. Kxh4 Kh6 51. Ng4+ Kg7 52. Kh5 Bg3 53. Ne3 Re7 54. Nd5 Rxe4 55. Ra7+ Kh8 56. Nxf6 1-0

[Event "Portoroz op 10th"]
[Site "Portoroz"]
[Date "2016.07.30"]
[Round "9"]
[White "Malkoc, Patrik"]
[Black "Mikuz, Slavko"]
[Result "1/2-1/2"]
[WhiteElo "1295"]
[BlackElo "1737"]
[PlyCount "82"]
[EventDate "2016.07.23"]
[EventType "swiss"]
[EventRounds "9"]
[EventCountry "SLO"]
[SourceTitle "CBM 173 Extra"]
[Source "ChessBase"]
[SourceDate "2016.08.29"]
[SourceVersion "1"]
[SourceVersionDate "2016.08.29"]
[SourceQuality "1"]

1. d4 d5 2. Bf4 Nf6 3. e3 Bf5 4. c4 e6 5. Nc3 Bd6 6. Bg3 0-0 7. c5 Be7 8. Bd3 Bxd3 9. Qxd3 b6 10. cxb6 axb6 11. Nf3 Nbd7 12. 0-0 c5 13. dxc5 Nxc5 14. Qc2 Rc8 15. Qd2 Nce4 16. Nxe4 Nxe4 17. Qe2 Bf6 18. Rac1 Qd7 19. Be5 Qa4 20. Bxf6 Nxf6 21. a3 Ne4 22. Nd4 e5 23. Nf5 Qd7 24. Ng3 Nc5 25. Qh5 f5 26. f4 g6 27. Qg5 e4 28. h4 Qg7 29. h5 Ne6 30. h6 Qf7 31. Qh4 d4 32. exd4 Nxd4 33. Rxc8 Rxc8 34. Rd1 Ne6 35. Rd6 b5 36. Ne2 Re8 37. Nd4 Nxd4 38. Rxd4 Qa7 39. Qf6 Rf8 40. Qe6+ Rf7 41. Qe8+ Rf8 1/2-1/2

[Event "Portoroz op 10th"]
[Site "Portoroz"]
[Date "2016.07.24"]
[Round "3"]
[White "Riccobon, Elia"]
[Black "Mikuz, Slavko"]
[Result "1-0"]
[WhiteElo "1984"]
[BlackElo "1737"]
[PlyCount "79"]
[EventDate "2016.07.23"]
[EventType "swiss"]
[EventRounds "9"]
[EventCountry "SLO"]
[SourceTitle "CBM 173 Extra"]
[Source "ChessBase"]
[SourceDate "2016.08.29"]
[SourceVersion "1"]
[SourceVersionDate "2016.08.29"]
[SourceQuality "1"]

1. e4 e5 2. Nf3 Nf6 3. Nc3 Nc6 4. Bb5 d6 5. 0-0 Be7 6. d4 exd4 7. Nxd4 Bd7 8. Be2 0-0 9. Be3 a6 10. a3 Nxd4 11. Bxd4 c5 12. Bxf6 gxf6 13. Nd5 Be6 14. c4 Bxd5 15. exd5 f5 16. Bd3 Bf6 17. Bxf5 Bxb2 18. Qh5 Re8 19. Qxh7+ Kf8 20. Rab1 Qf6 21. a4 Re2 22. Bg4 Rxf2 23. Rxf2 Bd4 24. Rbf1 Re8 25. Qf5 Qxf5 26. Bxf5 Re2 27. g3 Ra2 28. Kg2 Bxf2 29. Rxf2 Rxa4 30. Be6 Rxc4 31. Rxf7+ Ke8 32. Rxb7 Rb4 33. Bd7+ Kd8 34. Rxb4 cxb4 35. Ba4 Ke7 36. Kf3 Kf6 37. Kf4 Kg6 38. g4 a5 39. h4 Kf6 40. Bc2 1-0

[Event "Nova Gorica op-A 20th"]
[Site "Nova Gorica"]
[Date "2015.01.30"]
[Round "1"]
[White "Tica, Sven"]
[Black "Mikuz, Slavko"]
[Result "1-0"]
[WhiteElo "2289"]
[BlackElo "1795"]
[PlyCount "31"]
[EventDate "2015.01.30"]
[EventType "swiss"]
[EventRounds "9"]
[EventCountry "SLO"]
[SourceTitle "CBM 164 Extra"]
[Source "ChessBase"]
[SourceDate "2015.03.02"]
[SourceVersion "1"]
[SourceVersionDate "2015.03.02"]
[SourceQuality "1"]

1. Nf3 d5 2. c4 dxc4 3. e3 Nf6 4. Bxc4 e6 5. 0-0 Bd6 6. d4 b6 7. Nc3 Bb7 8. Qe2 0-0 9. e4 Ne8 10. Rd1 Nc6 11. Be3 a6 12. a3 b5 13. Ba2 g6 14. Rac1 Ng7 15. e5 Be7 16. d5 1-0

[Event "Nova Gorica op-A 19th"]
[Site "Nova Gorica"]
[Date "2014.02.06"]
[Round "9"]
[White "Kosir, Franci"]
[Black "Mikuz, Slavko"]
[Result "1/2-1/2"]
[WhiteElo "1928"]
[BlackElo "1701"]
[PlyCount "20"]
[EventDate "2014.01.31"]
[EventType "swiss"]
[EventRounds "9"]
[EventCountry "SLO"]
[SourceTitle "CBM 158 Extra"]
[Source "ChessBase"]
[SourceDate "2014.02.28"]
[SourceVersion "1"]
[SourceVersionDate "2014.02.28"]
[SourceQuality "1"]

1. d4 Nf6 2. Nf3 e6 3. Bg5 Be7 4. Nbd2 0-0 5. e3 b6 6. Bd3 Bb7 7. 0-0 h6 8. Bh4 Nc6 9. c3 Ne8 10. Bxe7 Qxe7 1/2-1/2

[Event "Nova Gorica op-A 19th"]
[Site "Nova Gorica"]
[Date "2014.02.03"]
[Round "6"]
[White "Belardinelli, Franco"]
[Black "Mikuz, Slavko"]
[Result "0-1"]
[WhiteElo "1881"]
[BlackElo "1701"]
[PlyCount "58"]
[EventDate "2014.01.31"]
[EventType "swiss"]
[EventRounds "9"]
[EventCountry "SLO"]
[SourceTitle "CBM 158 Extra"]
[Source "ChessBase"]
[SourceDate "2014.02.28"]
[SourceVersion "1"]
[SourceVersionDate "2014.02.28"]
[SourceQuality "1"]

1. e4 e5 2. Nf3 Nf6 3. d4 exd4 4. e5 Ne4 5. Nxd4 d5 6. Bd3 Nc5 7. 0-0 Nxd3 8. cxd3 c5 9. Nf3 Be7 10. Nc3 0-0 11. Ne2 Nc6 12. Ng3 Bg4 13. Re1 Nd4 14. Be3 Nxf3+ 15. gxf3 Be6 16. f4 Qd7 17. d4 c4 18. f3 g6 19. Kf2 Rfc8 20. Bd2 b5 21. a3 a5 22. Rg1 b4 23. Qb1 Kh8 24. axb4 axb4 25. Rxa8 Rxa8 26. Qc1 Bf5 27. Qe1 Ra2 28. Nxf5 Qxf5 29. Bc1 Bh4+ 0-1

[Event "Nova Gorica op-A 19th"]
[Site "Nova Gorica"]
[Date "2014.02.01"]
[Round "2"]
[White "Znidaric, Anze"]
[Black "Mikuz, Slavko"]
[Result "1/2-1/2"]
[WhiteElo "1947"]
[BlackElo "1701"]
[PlyCount "46"]
[EventDate "2014.01.31"]
[EventType "swiss"]
[EventRounds "9"]
[EventCountry "SLO"]
[SourceTitle "CBM 158 Extra"]
[Source "ChessBase"]
[SourceDate "2014.02.28"]
[SourceVersion "1"]
[SourceVersionDate "2014.02.28"]
[SourceQuality "1"]

1. d4 Nf6 2. Nf3 e6 3. g3 d5 4. Bg2 c5 5. c4 Nc6 6. 0-0 Be7 7. cxd5 Nxd5 8. Nc3 Nxc3 9. bxc3 cxd4 10. cxd4 0-0 11. Rb1 Qd7 12. Qa4 Bd6 13. Ba3 Bxa3 14. Qxa3 Rb8 15. Rfd1 b6 16. Ne5 Qe7 17. Qa4 Nxe5 18. dxe5 a6 19. Qc6 b5 20. Qd6 Qa7 21. Rbc1 Bb7 22. Rc7 Qa8 23. Bxb7 Rxb7 1/2-1/2

[Event "SLO-chT3 West"]
[Site "Postojna"]
[Date "2013.11.24"]
[Round "5"]
[White "Mikuz, Slavko"]
[Black "Butala, Marjan"]
[Result "1-0"]
[WhiteElo "1672"]
[BlackElo "2049"]
[PlyCount "103"]
[EventDate "2013.11.22"]
[EventType "team"]
[EventRounds "5"]
[EventCountry "SLO"]
[SourceTitle "EXT 2015"]
[Source "ChessBase"]
[SourceDate "2014.11.20"]
[SourceVersion "1"]
[SourceVersionDate "2014.11.20"]
[SourceQuality "1"]

1. d4 Nf6 2. c4 e6 3. Nc3 c5 4. d5 d6 5. Nf3 exd5 6. Nxd5 Be6 7. Qb3 b6 8. Bg5 Nbd7 9. e3 h6 10. Bh4 g5 11. Bg3 Ne4 12. Bd3 Nxg3 13. hxg3 Bg7 14. a4 0-0 15. Qc2 f5 16. e4 Bxd5 17. exd5 Qe7+ 18. Kd2 Qf6 19. Rae1 Ne5 20. Nxe5 dxe5 21. f3 e4 22. fxe4 fxe4 23. Bxe4 Qd4+ 24. Kc1 Rf2 25. Re2 Rxe2 26. Qxe2 Re8 27. Bh7+ Kxh7 28. Qxe8 Qxb2+ 29. Kd1 Qb3+ 30. Kd2 Qc3+ 31. Kd1 Qd3+ 32. Ke1 Bc3+ 33. Kf2 Bd4+ 34. Ke1 Qb1+ 35. Ke2 Qc2+ 36. Kf3 Qf5+ 37. Ke2 Qf2+ 38. Kd1 Qxg3 39. Qf7+ Bg7 40. Qf3 Qe5 41. Qd3+ Kg8 42. Re1 Qa1+ 43. Ke2 Qxa4 44. d6 Qd7 45. Kf1 Bf8 46. Qd5+ Kg7 47. Re6 Qf7+ 48. Kg1 Qf4 49. d7 Qc1+ 50. Kf2 Qc2+ 51. Kg3 Qc1 52. Qe5+ 1-0